Modern VLSI design: System-on-chip design (Record no. 23858)

000 -LEADER
fixed length control field 02271 a2200325 4500
003 - CONTROL NUMBER IDENTIFIER
control field NUST
005 - DATE AND TIME OF LATEST TRANSACTION
control field 20170620133420.0
008 - FIXED-LENGTH DATA ELEMENTS--GENERAL INFORMATION
fixed length control field 170620b xxu||||| |||| 00| 0 eng d
020 ## - INTERNATIONAL STANDARD BOOK NUMBER
International Standard Book Number 0130619701
040 ## - CATALOGING SOURCE
Original cataloging agency DLC
Language of cataloging DLC
Transcribing agency RCMS
082 1# - DEWEY DECIMAL CLASSIFICATION NUMBER
Classification number 621.395 WOL
100 1# - MAIN ENTRY--PERSONAL NAME
Personal name Wayne Wolf
9 (RLIN) 2954
245 00 - TITLE STATEMENT
Title Modern VLSI design: System-on-chip design
Statement of responsibility, etc. Wayne Wolf
250 ## - EDITION STATEMENT
Edition statement 3rd ed.
260 ## - PUBLICATION, DISTRIBUTION, ETC.
Place of publication, distribution, etc. New Delhi :
Name of publisher, distributor, etc. Pearson Education,
Date of publication, distribution, etc. c1997.
300 ## - PHYSICAL DESCRIPTION
Extent xx, 622 p. :
Other physical details ill.
Dimensions 24 cm.
538 ## - SYSTEM DETAILS NOTE
Display text Shelf # 09, Row # 1, History & Digital Design.
650 #7 - SUBJECT ADDED ENTRY--TOPICAL TERM
Topical term or geographic name entry element Integrated circuits
General subdivision Very large scale integration
9 (RLIN) 2955
650 #7 - SUBJECT ADDED ENTRY--TOPICAL TERM
Topical term or geographic name entry element Low voltage integrated circuits
General subdivision Design and construction
-- Data processing
9 (RLIN) 2956
650 #7 - SUBJECT ADDED ENTRY--TOPICAL TERM
Topical term or geographic name entry element Integrerade kretsar (Datorteknik)
9 (RLIN) 2957
650 #7 - SUBJECT ADDED ENTRY--TOPICAL TERM
Topical term or geographic name entry element VLSI
9 (RLIN) 2958
650 #7 - SUBJECT ADDED ENTRY--TOPICAL TERM
Topical term or geographic name entry element Integrerade kretsar
9 (RLIN) 2959
650 #7 - SUBJECT ADDED ENTRY--TOPICAL TERM
Topical term or geographic name entry element Integrated circuits
9 (RLIN) 2960
856 ## - ELECTRONIC LOCATION AND ACCESS
Materials specified Table of Contents Only.
942 ## - ADDED ENTRY ELEMENTS (KOHA)
Koha item type Book
Call number prefix 621.395 WOL
Source of classification or shelving scheme
Classification part 621.395 WOL
Holdings
Withdrawn status Lost status Source of classification or shelving scheme Damaged status Not for loan Permanent Location Current Location Shelving location Date acquired Full call number Barcode Date last seen Price effective from Koha item type
          NUST Baluchistan Campus (NBC) NUST Baluchistan Campus (NBC) General Stacks 04/23/2014 621.39WOL RCMS000117 04/23/2014 04/23/2014 Book
© 2023 Central Library, National University of Sciences and Technology. All Rights Reserved.